Normal view
MARC view
- Business intelligence
Entry Topical Term
001 - CONTROL NUMBER
- control field: 128890
003 - CONTROL NUMBER IDENTIFIER
- control field: NUST
005 - DATE AND TIME OF LATEST TRANSACTION
- control field: 20250512090437.0
008 - FIXED-LENGTH DATA ELEMENTS
- fixed length control field: 250512|| aca||aabn | a|a d
040 ## - CATALOGING SOURCE
- Original cataloging agency: NUST
- Transcribing agency: NUST
150 ## - HEADING--TOPICAL TERM
- Topical term or geographic name entry element: Business intelligence
670 ## - SOURCE DATA FOUND
- Source citation: Work cat.: (NUST)0: Winkler, Ira. 128889, Spies among us :, c2005.
